000 00630nam a2200193Ia 4500
008 090124s9999 xx 000 0 und d
020 _a81-7766-618-5
082 _b43936
100 _aचांदोरकर स्वाती
245 _a गोल गोल राणी
250 _a1
260 _bमेहता पब्लिशिंग हाऊस
_c2005
300 _a132
600 _aचांदोरकर स्वाती
630 _a गोल गोल राणी
700 _aचांदोरकर स्वाती
730 _a गोल गोल राणी
942 _cBOOK
999 _c110155
_d110155